Statistics for Every WC Host

Click here to take the quiz!

General Stats

  • This quiz has been taken 43 times
  • The average score is 20 of 23

Answer Stats

YearCountry% Correct
2014Brazil
100%
1950Brazil
100%
2022Qatar
97%
2018Russia
97%
2026USA, Canada & Mexico
97%
1938France
95%
1998France
95%
2006Germany
95%
1990Italy
95%
1934Italy
95%
1994USA
95%
1974West Germany
95%
1970Mexico
90%
1986Mexico
90%
2010South Africa
90%
1978Argentina
85%
2002South Korea & Japan
85%
1982Spain
85%
1930Uruguay
82%
1966England
79%
1958Sweden
51%
1962Chile
49%
1954Switzerland
41%

Score Distribution

Percentile by Number Answered

Percent of People with Each Score

Your Score History

You have not taken this quiz